| Tag |
First Indicator |
Second Indicator |
Subfields |
| LEADER |
00000cam a2200000 4500 |
| 001 |
in00003841908 |
| 005 |
20190415183625.0 |
| 006 |
m o d |
| 007 |
cr |n||||||||n |
| 008 |
931108s1774 enk|||| o o00| ||eng c |
| 035 |
|
|
|a (CU-RivES)N57470
|
| 035 |
|
|
|a (Uk-ES)006051858
|
| 035 |
|
|
|a (OCoLC)508286475
|
| 040 |
|
|
|a CU-RivES
|c CU-RivES
|d CU-RivES
|d CStRLIN
|d CU-RivES
|d Cengage Gale
|d UtOrBLW
|
| 110 |
1 |
|
|a Great Britain.
|
| 240 |
1 |
0 |
|a Public General Acts. 1774. 14 Geo.III.c.45
|
| 245 |
1 |
3 |
|a An act for the better regulating the government of the province of the Massachuset's Bay, in New England.
|
| 264 |
|
3 |
|a London :
|b printed by Charles Eyre and William Strahan,
|c 1774.
|
| 300 |
|
|
|a 1 online resource (2 unnumbered pages, 1047-1062 pages)
|
| 336 |
|
|
|a text
|b txt
|2 rdacontent
|
| 337 |
|
|
|a computer
|b c
|2 rdamedia
|
| 338 |
|
|
|a online resource
|b cr
|2 rdacarrier
|
| 500 |
|
|
|a At head of drop-head title: 'Anno decimo quarto Georgii III. Regis. Cap. XLV.'.
|
| 500 |
|
|
|a Text in black letter.
|
| 500 |
|
|
|a Last word of first line of text: 'under'; first word of line below initial: 'tories,'; last word of last full line of text: 'found'.
|
| 500 |
|
|
|a Issued separately with a general titlepage, and also as part of: 'Anno Regni Georgii III. Regis Magnæ Britanniæ, Franciæ, and Hiberniæ, decimo quarto. At the Parliament begun .. the tenth day of May, anno Domini 1768, .. And from thence continued, by several prorogations, to th thirteenth day of January, 1774; being the seventh session of the thirteenth Parliament of Great Britainches'.
|
| 500 |
|
|
|a Imprint from general titlepage.
|
| 509 |
|
|
|a Signed on first leaf of text: 12I2; press fig. 4 on pages1047. - Catalogued from microfilm
|
| 510 |
4 |
|
|a English Short Title Catalog,
|c N57470.
|
| 500 |
|
|
|a Reproduction of original from Boston Public Library.
|
| 500 |
|
|
|a Electronic resource.
|
| 600 |
0 |
0 |
|a George
|b II,
|c King of Great Britain,
|d 1683-1760.
|0 http://id.loc.gov/authorities/names/n83041856
|
| 655 |
|
7 |
|a Electronic books.
|2 local
|
| 710 |
2 |
|
|a Gale (Firm)
|0 http://id.loc.gov/authorities/names/no2008071348
|
| 730 |
0 |
|
|a Anno Regni Georgii III. Regis Magnæ Britanniæ, Franciæ, & Hiberniæ, decimo quarto. At the Parliament begun .. the tenth day of May, anno Domini 1768, .. And from thence continued, by several prorogations, to the thirteenth day of January, 1774; being the seventh session of th thirteenth Parliament of Great Britain.
|
| 752 |
|
|
|a Great Britain
|b England
|d London.
|
| 856 |
4 |
0 |
|u http://proxy.library.tamu.edu/login?url=http://find.galegroup.com/ecco/infomark.do?contentSet=ECCOArticles&docType=ECCOArticles&bookId=1547400500&type=getFullCitation&tabID=T001&prodId=ECCO&docLevel=TEXT_GRAPHICS&version=1.0&source=library&userGroupName=txshracd2898
|z Connect to the full text of this electronic book
|t 0
|
| 999 |
f |
f |
|s 4bcfcb47-7ffd-3ddd-ade1-818338732108
|i 0faea4bb-c8d3-3daf-b5de-6c952e1848a7
|t 0
|
| 952 |
f |
f |
|a Texas A&M University
|b College Station
|c Electronic Resources
|d Available Online
|t 0
|h No information provided
|
| 998 |
f |
f |
|t 0
|l Available Online
|